书目信息 |
| 题名: |
地质勘查工作高新技术研究
|
|
| 作者: | 王义忠 著 | |
| 分册: | ||
| 出版信息: | 北京 北京工业大学出版社 2019.10 |
|
| 页数: | 188页 | |
| 开本: | 24cm | |
| 丛书名: | ||
| 单 册: | ||
| 中图分类: | P624 | |
| 科图分类: | ||
| 主题词: | 地质勘探--研究 | |
| 电子资源: | ||
| ISBN: | 978-7-5639-5931-0 | |
| 000 | 00801nam0 2200229 45 | |
| 001 | 012001001774 | |
| 005 | 20140912130954.0 | |
| 010 | @a978-7-5639-5931-0@dCNY45.00 | |
| 100 | @a20200116d2019 em y0chiy50 ea | |
| 101 | 0 | @achi |
| 102 | @aCN@b110000 | |
| 105 | @ay z 000yy | |
| 106 | @ar | |
| 200 | 1 | @a地质勘查工作高新技术研究@Adi zhi kan cha gong zuo gao xin ji shu yan jiu@b专著@f王义忠著 |
| 210 | @a北京@c北京工业大学出版社@d2019.10 | |
| 215 | @a188页@d24cm | |
| 330 | @a本书共九章,内容包括:国内外地质勘查工作分析、国内外地质勘查高新技术的发展趋势、地质勘查信息处理与分析技术、现代成矿预测、遥感技术及其在地质勘查中的应用等。 | |
| 606 | 0 | @a地质勘探@x研究 |
| 690 | @aP624@v5 | |
| 701 | 0 | @a王义忠@Awang yi zhong@4著 |
| 801 | 0 | @aCN@bBJSDL@c20211011 |
| 905 | @b1337163-6@dP624@e152@f4 | |
| 地质勘查工作高新技术研究/王义忠著.-北京:北京工业大学出版社,2019.10 |
| 188页;24cm |
| ISBN 978-7-5639-5931-0:CNY45.00 |
| 本书共九章,内容包括:国内外地质勘查工作分析、国内外地质勘查高新技术的发展趋势、地质勘查信息处理与分析技术、现代成矿预测、遥感技术及其在地质勘查中的应用等。 |
| ● |
| 相关链接 |
|
|
|
|
正题名:地质勘查工作高新技术研究
索取号:P624/152
 
预约/预借
| 序号 | 登录号 | 条形码 | 馆藏地/架位号 | 状态 | 备注 |
| 1 | 1337163 | 213371634 | 第二样本阅览室/ [索取号:P624/152] | 在馆 | |
| 2 | 1337164 | 213371643 | 第三借阅区/ [索取号:P624/152] | 在馆 | |
| 3 | 1337165 | 213371652 | 第三借阅区/ [索取号:P624/152] | 在馆 | |
| 4 | 1337166 | 213371661 | 第三借阅区/ [索取号:P624/152] | 在馆 |